000 00941nam a22002537a 4500
005 20170124103034.0
010 _aA-972983
020 _c120.00
_a8126301996
035 _aA-972983
037 _bCen Lib/Ret
040 _aDPL
_bHN
082 _a
_bऋषिवं
100 _aऋषिवंश
_9500
245 _aयुद्धबीज /
_cऋषिवंश
246 _aYuddhabeej /
_bby Rishivansh
260 _aनयी दिल्ली
_bभारतीय ज्ञानपीठ
_c1999
270 _a18, इंस्टीट्युशनल एरिया, लोधी रोड
_bनयी दिल्ली
_e110003
300 _a183पृ.
_c21सेमी (सजिल्द)
650 _aहिन्दी साहित्य
_964944
650 _aउपन्यास
_964945
650 _aHindi literature
_964946
650 _aFiction
_98901
942 _2ddc
_cHN
_h
_mऋषिवं
999 _c116127
_d116127